| 000 | 00356nam a2200133Ia 4500 | ||
|---|---|---|---|
| 008 | 211109s9999||||xx |||||||||||||| ||und|| | ||
| 082 |
_a894.8123 _bVAL-K |
||
| 100 | _aValsala P K, | ||
| 245 | 0 | _aKariyila | |
| 260 |
_bCurrent Books _aTrichur _c1973 |
||
| 630 | _xGeneral Stack | ||
| 650 |
_aMalayalam literature _vMalayalam fictionGeneralia |
||
| 942 | _cBOOK | ||
| 999 |
_c57963 _d57963 |
||